[Event "e2e4.org.uk Bedford U2000"]
[Site "Park Inn Hotel, Bedford, Engla"]
[Date "2013.09.22"]
[Round "5"]
[White "Ball, Anthony J"]
[Black "McMahon, Paul"]
[Result "1-0"]
[WhiteElo "1872"]
[BlackElo "1981"]
[PlyCount "51"]
[EventDate "2013.??.??"]

1. d4 Nf6 2. Nf3 e6 3. c4 d5 4. Nc3 c6 5. Qc2 dxc4 6. e4 b5 7. Bg5 h6 8. Bxf6
Qxf6 9. Be2 Bb4 10. O-O O-O 11. a4 Bxc3 12. Qxc3 Nd7 13. b3 Bb7 14. bxc4 bxa4
15. e5 Qe7 16. c5 f6 17. Rxa4 fxe5 18. Nxe5 Nf6 19. Bf3 Nd5 20. Bxd5 exd5 21.
Ng6 Qe2 22. Nxf8 Rxf8 23. Qe3 Qb5 24. Rxa7 Ba6 25. Rd1 Bc8 26. Qe7 1-0

[Event "e2e4.org.uk Bedford U2000"]
[Site "Park Inn Hotel, Bedford, Engla"]
[Date "2013.09.22"]
[Round "5"]
[White "Matthews, Adrian M S"]
[Black "Bowman, Richard L"]
[Result "1/2-1/2"]
[WhiteElo "1879"]
[BlackElo "1968"]
[PlyCount "96"]
[EventDate "2013.??.??"]

1. e4 d5 2. exd5 Nf6 3. Nc3 Nxd5 4. Bc4 c6 5. Qf3 Nf6 6. h3 Nbd7 7. d4 Nb6 8.
Bb3 g6 9. Nge2 Bg7 10. O-O O-O 11. Bf4 Nbd5 12. Nxd5 Nxd5 13. Be5 Be6 14. Bxg7
Kxg7 15. c4 Nf6 16. Rfd1 Qa5 17. Nf4 Bf5 18. Qe3 Rfe8 19. g4 Bd7 20. Qe5 Qb6
21. g5 a5 22. d5 a4 23. Bc2 Kg8 24. gxf6 exf6 25. Qd4 c5 26. Qc3 Qd6 27. Qf3
Re5 28. Re1 Rae8 29. Kf1 b5 30. b3 Kg7 31. Bd3 bxc4 32. bxc4 a3 33. Rab1 Bf5
34. Bxf5 Rxe1+ 35. Rxe1 Rxe1+ 36. Kxe1 Qe5+ 37. Qe4 Qa1+ 38. Qb1 Qc3+ 39. Kf1
gxf5 40. Qxf5 Qxc4+ 41. Kg2 Qxa2 42. Nh5+ Kh6 43. Nxf6 Qc4 44. Qxh7+ Kg5 45.
Ne4+ Kf4 46. Qh4+ Ke5 47. Qe7+ Kf4 48. Qh4+ Ke5 1/2-1/2

[Event "e2e4.org.uk Bedford U2000"]
[Site "Park Inn Hotel, Bedford, Engla"]
[Date "2013.09.22"]
[Round "5"]
[White "Brocklehurst, Andrew"]
[Black "Nettleton, Charlie B"]
[Result "0-1"]
[WhiteElo "1960"]
[BlackElo "1885"]
[PlyCount "80"]
[EventDate "2013.??.??"]

1. e4 c5 2. Nf3 d6 3. d4 cxd4 4. Nxd4 Nf6 5. Nc3 g6 6. Be2 Bg7 7. g4 O-O 8. g5
Nfd7 9. Be3 a6 10. Qd2 b5 11. h4 Nc5 12. h5 Bb7 13. hxg6 hxg6 14. f3 Nbd7 15.
O-O-O b4 16. Nd5 Bxd5 17. exd5 Re8 18. Nc6 Qb6 19. Bd4 Ne5 20. f4 Nxc6 21. Bxg7
Kxg7 22. dxc6 Ne4 23. Qd5 Qe3+ 24. Kb1 Nf2 25. Rh7+ Kxh7 26. Qxf7+ Kh8 27. Qxg6
Qe4 28. Qh6+ Qh7 29. Qe6 Nxd1 30. Bxd1 Rf8 31. g6 Qh4 32. c7 Rac8 33. Qd7 Kg7
34. c3 Qe1 35. Kc2 b3+ 36. axb3 Qe4+ 37. Kc1 Qxf4+ 38. Kb1 Qf5+ 39. Qxf5 Rxf5
40. Bg4 Rf1+ 0-1

[Event "e2e4.org.uk Bedford U2000"]
[Site "Park Inn Hotel, Bedford, Engla"]
[Date "2013.09.22"]
[Round "5"]
[White "Lawson, Maurice E"]
[Black "Botteley, Michael T"]
[Result "0-1"]
[WhiteElo "1922"]
[BlackElo "1867"]
[PlyCount "126"]
[EventDate "2013.??.??"]

1. e4 c5 2. Nc3 Nc6 3. g3 g6 4. d3 Bg7 5. Be3 d6 6. Qd2 Nd4 7. Nd1 Nf6 8. c3
Nc6 9. Bh6 O-O 10. Bxg7 Kxg7 11. Bg2 d5 12. exd5 Nxd5 13. Ne3 Be6 14. Ne2 Qd7
15. O-O Rfd8 16. Rfd1 Rac8 17. d4 cxd4 18. Nxd4 Nb6 19. Qe2 Nxd4 20. Rxd4 Qc7
21. Qd2 Nc4 22. Nxc4 Bxc4 23. Rd1 Rxd4 24. Qxd4+ e5 25. Qxa7 Rd8 26. Re1 Rd2
27. b3 Ba6 28. Qe3 Rd3 29. Qe4 Qxc3 30. Bf1 f5 31. Qh4 Rd7 32. Rd1 Qc6 33.
Rxd7+ Qxd7 34. Bxa6 bxa6 35. Qc4 Qd1+ 36. Kg2 Qd6 37. b4 g5 38. a4 g4 39. h3
Qd1 40. hxg4 fxg4 41. Qc7+ Kf8 42. Qc5+ Kf7 43. Qc4+ Kg7 44. Qe4 Qxa4 45. Qxe5+
Kf7 46. Qf5+ Ke8 47. Qxg4 Kf8 48. Qf5+ Ke8 49. Qg4 Kf8 50. Qc4 Kg7 51. Qd4+ Kf7
52. g4 Qb5 53. Kg3 Kg8 54. f4 Qf1 55. Kh4 Qb5 56. Qd8+ Kf7 57. Qd4 Qb7 58. Qc4+
Kg7 59. Qd4+ Kf7 60. Kh5 Qh1+ 61. Kg5 h6+ 62. Kf5 Qc6 63. Qd8 Qe6# 0-1

[Event "e2e4.org.uk Bedford U2000"]
[Site "Park Inn Hotel, Bedford, Engla"]
[Date "2013.09.22"]
[Round "5"]
[White "O Gorman, Brendan"]
[Black "Openshaw, David K"]
[Result "1/2-1/2"]
[WhiteElo "1798"]
[BlackElo "1918"]
[PlyCount "43"]
[EventDate "2013.??.??"]

1. Nf3 Nf6 2. c4 c6 3. g3 d5 4. Bg2 Bg4 5. Ne5 Be6 6. cxd5 Bxd5 7. Nf3 c5 8.
Nc3 Bc6 9. O-O e6 10. Re1 Be7 11. e4 O-O 12. d4 cxd4 13. Nxd4 e5 14. Nxc6 Nxc6
15. Bg5 Qa5 16. Bxf6 Bxf6 17. Nd5 Be7 18. a3 Rac8 19. b4 Qd8 20. Rc1 Re8 21.
Qg4 Kf8 22. Qf5 1/2-1/2

[Event "e2e4.org.uk Bedford U2000"]
[Site "Park Inn Hotel, Bedford, Engla"]
[Date "2013.09.22"]
[Round "5"]
[White "Hjort, Helge"]
[Black "Valerio, Giuseppe"]
[Result "1/2-1/2"]
[WhiteElo "1991"]
[BlackElo "1848"]
[PlyCount "35"]
[EventDate "2013.??.??"]

1. c4 d6 2. g3 g6 3. Bg2 Bg7 4. Nc3 c5 5. e3 Nc6 6. Nge2 Bd7 7. O-O Rb8 8. d4
cxd4 9. exd4 Nh6 10. b3 Nf5 11. d5 Ne5 12. Bb2 Ng4 13. Rb1 O-O 14. Ne4 Bxb2 15.
Rxb2 Qb6 16. Qd2 e5 17. h3 Nge3 18. fxe3 1/2-1/2

[Event "e2e4.org.uk Bedford U2000"]
[Site "Park Inn Hotel, Bedford, Engla"]
[Date "2013.09.22"]
[Round "5"]
[White "Shaw, Meyrick"]
[Black "Burrows, Nick"]
[Result "1-0"]
[WhiteElo "1906"]
[BlackElo "1849"]
[PlyCount "73"]
[EventDate "2013.??.??"]

1. e4 c6 2. d4 d5 3. exd5 cxd5 4. Nf3 Nc6 5. Be2 Bg4 6. O-O e6 7. Nbd2 Nf6 8.
c3 Be7 9. h3 Bh5 10. Re1 O-O 11. Nf1 Rc8 12. Bf4 Bxf3 13. Bxf3 b5 14. Be2 Qb6
15. Bd3 Na5 16. Ng3 Nc4 17. Rb1 a5 18. Nf5 Bd8 19. Bxc4 bxc4 20. Bd6 exf5 21.
Bxf8 Kxf8 22. Qf3 g6 23. g4 fxg4 24. hxg4 Ne4 25. Qh3 Qf6 26. f3 Nd6 27. Qxh7
Qh4 28. Qxh4 Bxh4 29. Re5 Bg3 30. Rxd5 Re8 31. Rxa5 Re2 32. Rd5 Ne8 33. a4 Nc7
34. Rd8+ Ke7 35. Rh8 Nd5 36. a5 Nf4 37. a6 1-0

[Event "e2e4.org.uk Bedford U2000"]
[Site "Park Inn Hotel, Bedford, Engla"]
[Date "2013.09.22"]
[Round "5"]
[White "Nandi, Robin J"]
[Black "Van Der Westhuizen, Charle"]
[Result "1/2-1/2"]
[WhiteElo "1832"]
[BlackElo "1897"]
[PlyCount "49"]
[EventDate "2013.??.??"]

1. e4 d6 2. d4 g6 3. Nc3 Bg7 4. Be3 Nf6 5. Bc4 O-O 6. Nge2 Nxe4 7. Bxf7+ Rxf7
8. Nxe4 c6 9. Qd2 Na6 10. h4 d5 11. N4g3 e5 12. h5 e4 13. hxg6 hxg6 14. Bh6 Qf6
15. O-O-O Bg4 16. Bxg7 Qxg7 17. Rh4 Bxe2 18. Qxe2 Raf8 19. Rdh1 Rxf2 20. Qe3
Nb4 21. Rh8+ Qxh8 22. Rxh8+ Kxh8 23. Qh6+ Kg8 24. Qxg6+ Kh8 25. Qh6+ 1/2-1/2

[Event "e2e4.org.uk Bedford U2000"]
[Site "Park Inn Hotel, Bedford, Engla"]
[Date "2013.09.22"]
[Round "5"]
[White "Waters, Andrew C"]
[Black "Shah, Dipak K"]
[Result "0-1"]
[WhiteElo "1822"]
[BlackElo "1892"]
[PlyCount "150"]
[EventDate "2013.??.??"]

1. e4 e5 2. Nf3 Nc6 3. Bb5 d6 4. O-O Nf6 5. d4 exd4 6. Nxd4 Bd7 7. Nc3 Be7 8.
Re1 O-O 9. Nf5 a6 10. Nxe7+ Nxe7 11. Bxd7 Nxd7 12. Bg5 f6 13. Be3 Ng6 14. Qd5+
Kh8 15. f4 Rb8 16. Rad1 Nb6 17. Bxb6 cxb6 18. f5 Ne5 19. Ne2 Qc7 20. Nd4 Qc4
21. Ne6 Qxd5 22. Rxd5 Rfc8 23. c3 g6 24. Kf2 Nf7 25. g4 b5 26. h3 b4 27. cxb4
Rc2+ 28. Re2 Rbc8 29. Rdd2 R2c4 30. a3 Kg8 31. h4 g5 32. hxg5 fxg5 33. Ke3 h6
34. Rd4 R4c6 35. Rh2 Ne5 36. Rg2 Rc1 37. a4 Rf1 38. b5 axb5 39. axb5 Rf3+ 40.
Ke2 Rb3 41. Rd2 Nf3 42. Kd1 Nxd2 43. Rxd2 Rxb5 44. Rxd6 Rxb2 45. e5 Ra8 46.
Rd8+ Rxd8+ 47. Nxd8 Rg2 48. e6 Kf8 49. Nxb7 Rxg4 50. f6 Rd4+ 51. Kc2 Rc4+ 52.
Kd3 Rc6 53. Nd8 Ra6 54. Ke4 Ke8 55. f7+ Ke7 56. Kf5 Kf8 57. Kf6 Rb6 58. Kg6 g4
59. Kh7 g3 60. e7+ Kxe7 61. Kg7 Rg6+ 62. Kxg6 g2 63. Nc6+ Kf8 64. Ne5 g1=Q+ 65.
Kf6 Qg5+ 66. Ke6 Qe7+ 67. Kf5 Kg7 68. Kf4 h5 69. Kf5 h4 70. Nf3 Qxf7+ 71. Kg4
h3 72. Nh2 Qb3 73. Nf3 Qe6+ 74. Kg3 Kh6 75. Nh2 Kh5 0-1

[Event "e2e4.org.uk Bedford U2000"]
[Site "Park Inn Hotel, Bedford, Engla"]
[Date "2013.09.22"]
[Round "5"]
[White "Wilson, Matthew R"]
[Black "Jackson, Paul G"]
[Result "0-1"]
[WhiteElo "1800"]
[BlackElo "1877"]
[PlyCount "44"]
[EventDate "2013.??.??"]

1. Nf3 e6 2. g3 f5 3. Bg2 Nf6 4. d4 d5 5. O-O Bd6 6. b3 Qe7 7. c4 c6 8. Bf4
Bxf4 9. gxf4 O-O 10. Ne5 Bd7 11. e3 Be8 12. Bf3 Nbd7 13. Kh1 Ne4 14. Nxd7 Bxd7
15. Bxe4 fxe4 16. Nd2 Be8 17. Qg4 Bg6 18. h4 Bf5 19. Qg5 Rf6 20. h5 Qf7 21. Rg1
Kh8 22. Rg3 Rh6 0-1

[Event "e2e4.org.uk Bedford U2000"]
[Site "Park Inn Hotel, Bedford, Engla"]
[Date "2013.09.22"]
[Round "5"]
[White "Panzhina, Jekaterina"]
[Black "Levy, Christopher A"]
[Result "1/2-1/2"]
[WhiteElo "1866"]
[BlackElo "1768"]
[PlyCount "55"]
[EventDate "2013.??.??"]

1. d4 f5 2. Nf3 Nf6 3. c4 e6 4. Nc3 c6 5. e3 d5 6. cxd5 exd5 7. Bd3 Bd6 8. O-O
O-O 9. b3 Be6 10. Bb2 Nbd7 11. Qc2 Ne4 12. g3 Ndf6 13. Nh4 Ng4 14. Ng2 Qg5 15.
Be2 Rf6 16. Bxg4 fxg4 17. Nxe4 dxe4 18. d5 cxd5 19. Bxf6 Qxf6 20. Qd2 g5 21.
Rac1 Rf8 22. Qd4 Bb8 23. Qxf6 Rxf6 24. Ne1 Kf7 25. Nc2 Ke7 26. Rfd1 Kd6 27. Rd2
Ke5 28. Nd4 1/2-1/2

[Event "e2e4.org.uk Bedford U2000"]
[Site "Park Inn Hotel, Bedford, Engla"]
[Date "2013.09.22"]
[Round "5"]
[White "Gardner, James"]
[Black "Somton, Anita"]
[Result "1-0"]
[WhiteElo "1856"]
[BlackElo "1472"]
[PlyCount "81"]
[EventDate "2013.??.??"]

1. d4 Nf6 2. c4 g6 3. Nc3 Bg7 4. e4 d6 5. Nf3 O-O 6. Be2 c5 7. O-O cxd4 8. Nxd4
Nc6 9. Be3 Ng4 10. Bxg4 Bxg4 11. Qxg4 Nxd4 12. Bxd4 Bxd4 13. Qf3 Rc8 14. Qd3
Bg7 15. Rac1 Qd7 16. b3 Rc5 17. Na4 Rh5 18. Rfd1 Qg4 19. h3 Qe6 20. c5 Rc8 21.
cxd6 Rxc1 22. Rxc1 Qxd6 23. Rc8+ Bf8 24. Qc2 Kg7 25. Nb2 e6 26. Nc4 Qf4 27. Qd3
Bb4 28. Qd4+ e5 29. Qe3 Qg5 30. Qxg5 Rxg5 31. Rb8 b6 32. Rb7 Bc5 33. a3 a5 34.
a4 Kf6 35. Nxb6 Bb4 36. Nd5+ Ke6 37. h4 Rg4 38. Rb6+ Bd6 39. Nf6 Rxh4 40. g3
Rh6 41. Ne8 1-0

[Event "e2e4.org.uk Bedford U2000"]
[Site "Park Inn Hotel, Bedford, Engla"]
[Date "2013.09.22"]
[Round "5"]
[White "Mitchell, Robert"]
[Black "Price, Andrew"]
[Result "0-1"]
[WhiteElo "1781"]
[BlackElo "1851"]
[PlyCount "86"]
[EventDate "2013.??.??"]

1. e4 c5 2. Nc3 e6 3. f4 Nc6 4. Nf3 d5 5. d3 Be7 6. g3 Nf6 7. Bg2 Qb6 8. O-O
Bd7 9. h3 d4 10. Ne2 O-O-O 11. a3 Be8 12. Rb1 c4 13. Kh2 Bxa3 14. e5 Nd5 15.
dxc4 Ne3 16. Bxe3 dxe3 17. Qc1 Be7 18. c3 Na5 19. Ned4 Nxc4 20. b3 Nd2 21. Nxd2
exd2 22. Qxd2 Bc6 23. Bxc6 Qxc6 24. Qd3 Qd5 25. Rfd1 Bc5 26. Qf3 Bxd4 27. Qxd5
Rxd5 28. Rxd4 Rxd4 29. cxd4 Rd8 30. Rc1+ Kd7 31. Kg2 Rc8 32. Rxc8 Kxc8 33. Kf3
Kc7 34. Ke4 Kc6 35. g4 a5 36. f5 b5 37. d5+ exd5+ 38. Kd4 a4 39. bxa4 bxa4 40.
Kc3 Kc5 41. g5 d4+ 42. Kd3 a3 43. Kc2 d3+ 0-1

[Event "e2e4.org.uk Bedford U2000"]
[Site "Park Inn Hotel, Bedford, Engla"]
[Date "2013.09.22"]
[Round "5"]
[White "Torrance, John"]
[Black "Connolly, Marcus PA"]
[Result "1/2-1/2"]
[WhiteElo "1666"]
[BlackElo "1800"]
[PlyCount "51"]
[EventDate "2013.??.??"]

1. d4 f5 2. Nc3 Nf6 3. Bg5 c6 4. f3 d5 5. Bxf6 exf6 6. Qd3 Bb4 7. a3 Bxc3+ 8.
Qxc3 O-O 9. O-O-O Re8 10. e3 a5 11. h4 a4 12. Nh3 Qa5 13. Re1 Qxc3 14. bxc3 Na6
15. Bd3 Nc7 16. Rhg1 Bd7 17. Kd2 b5 18. g4 fxg4 19. fxg4 Re7 20. Nf2 Rae8 21.
e4 Be6 22. e5 fxe5 23. Rxe5 Bd7 24. Rxe7 Rxe7 25. g5 Ne8 26. Ng4 1/2-1/2

[Event "e2e4.org.uk Bedford U2000"]
[Site "Park Inn Hotel, Bedford, Engla"]
[Date "2013.09.22"]
[Round "5"]
[White "Cavendish, Joshua Z"]
[Black "Lavelle, Terry"]
[Result "1-0"]
[WhiteElo "1683"]
[BlackElo "1583"]
[PlyCount "56"]
[EventDate "2013.??.??"]

1. e4 c5 2. Nc3 d6 3. Bc4 Nc6 4. f4 g6 5. Nf3 Bg7 6. O-O e6 7. Qe1 Nge7 8. d3
a6 9. a3 b5 10. Bb3 Nd4 11. Nxd4 Bxd4+ 12. Kh1 Nc6 13. f5 Bg7 14. Ne2 Ne5 15.
Qg3 exf5 16. exf5 Bxf5 17. Rxf5 O-O 18. Rf2 Ra7 19. Bg5 Qd7 20. Bf6 Ng4 21.
Bxg7 Nxf2+ 22. Qxf2 Kxg7 23. Rf1 d5 24. Qxc5 Rc7 25. Qd4+ Kg8 26. Nf4 Qg4 27.
Qe5 Rcc8 28. Nxd5 Qg5 1-0

[Event "e2e4.org.uk Bedford U2000"]
[Site "Park Inn Hotel, Bedford, Engla"]
[Date "2013.09.22"]
[Round "5"]
[White "Rawcliffe, Peter"]
[Black "Sloan, Cecil"]
[Result "0-1"]
[WhiteElo "1776"]
[BlackElo "1690"]
[PlyCount "92"]
[EventDate "2013.??.??"]

1. e4 c5 2. Nf3 g6 3. d4 cxd4 4. Nxd4 Nc6 5. Be3 Bg7 6. c4 Nf6 7. Nc3 O-O 8.
Qd2 d6 9. Be2 Nxd4 10. Bxd4 Be6 11. O-O Qa5 12. Rfd1 Rfc8 13. b3 Nd7 14. Nd5
Qxd2 15. Nxe7+ Kf8 16. Bxg7+ Kxg7 17. Rxd2 Re8 18. Nd5 Bxd5 19. Rxd5 Rxe4 20.
Bf3 Re6 21. Rad1 Rae8 22. Kf1 Ne5 23. Rxd6 Nxf3 24. gxf3 Re2 25. R1d2 Re1+ 26.
Kg2 Ra1 27. Rd7 Ree1 28. Rxb7 Rg1+ 29. Kh3 Rg5 30. Rdd7 Rf5 31. Rd4 Rg1 32. Rg4
Rh5+ 33. Rh4 Rf5 34. f4 h5 35. Rb5 Rxb5 36. cxb5 Ra1 37. a4 Rb1 38. f3 Rxb3 39.
Kg3 f5 40. Rh3 Rb4 41. Kh4 Rxa4 42. Rg3 Rb4 43. Kg5 Rxb5 44. h4 Rb1 45. Rg2 a5
46. Rg3 a4 0-1

[Event "e2e4.org.uk Bedford U2000"]
[Site "Park Inn Hotel, Bedford, Engla"]
[Date "2013.09.22"]
[Round "5"]
[White "Radford, Mark SR"]
[Black "Homer, Neil S"]
[Result "0-1"]
[WhiteElo "1752"]
[BlackElo "1616"]
[PlyCount "46"]
[EventDate "2013.??.??"]

1. f4 d5 2. Nf3 c5 3. g3 Nf6 4. Bg2 Nc6 5. O-O e6 6. d3 Bd6 7. Na3 a6 8. c4 O-O
9. Qe1 Re8 10. e4 dxe4 11. dxe4 e5 12. f5 b6 13. h3 Bb7 14. g4 Be7 15. Bd2 Qc7
16. Nh2 Rad8 17. Nc2 Nd4 18. Na3 Qc6 19. g5 Nd7 20. Ng4 f6 21. g6 hxg6 22. fxg6
f5 23. Rxf5 Nxf5 0-1

[Event "e2e4.org.uk Bedford U2000"]
[Site "Park Inn Hotel, Bedford, Engla"]
[Date "2013.09.22"]
[Round "5"]
[White "Pal, Tapan"]
[Black "Smith, Peter K"]
[Result "1-0"]
[WhiteElo "1576"]
[BlackElo "1725"]
[PlyCount "41"]
[EventDate "2013.??.??"]

1. e4 c5 2. Nf3 Nc6 3. d4 cxd4 4. Nxd4 e5 5. Nf3 Nf6 6. Nc3 Bb4 7. Bc4 Nxe4 8.
Qd5 Bxc3+ 9. bxc3 O-O 10. Qxe4 Qa5 11. Bd3 Qxc3+ 12. Bd2 Qxa1+ 13. Ke2 f5 14.
Qd5+ Kh8 15. Rxa1 e4 16. Bxe4 fxe4 17. Ng5 Nd8 18. Qxe4 g6 19. Bc3+ Kg8 20. Qe5
Ne6 21. Qh8# 1-0

[Event "e2e4.org.uk Bedford U2000"]
[Site "Park Inn Hotel, Bedford, Engla"]
[Date "2013.09.22"]
[Round "5"]
[White "Holton, Jake"]
[Black "Watson, Darrell A"]
[Result "1-0"]
[WhiteElo "1404"]
[BlackElo "1725"]
[PlyCount "145"]
[EventDate "2013.??.??"]

1. Nf3 Nf6 2. c4 g6 3. b3 Bg7 4. Bb2 b6 5. g3 Bb7 6. Bg2 O-O 7. O-O d6 8. d4
Nbd7 9. Re1 e6 10. Nc3 a6 11. e4 Ng4 12. h3 Ngf6 13. Nh2 c5 14. e5 Bxg2 15.
exf6 Nxf6 16. Kxg2 Qc7 17. Nf3 Rad8 18. Ne4 Ne8 19. Qc2 cxd4 20. Bxd4 e5 21.
Bc3 f5 22. Ned2 h6 23. Rad1 Qf7 24. Kg1 g5 25. Re2 Qh5 26. Kg2 Rf6 27. Nf1 Bf8
28. Nxe5 Ng7 29. Nc6 g4 30. h4 f4 31. Bxf6 f3+ 32. Kg1 fxe2 33. Qxe2 Re8 34.
Qd3 Ne6 35. Re1 Nf4 36. Qd2 Nh3+ 37. Kg2 Rxe1 38. Qxe1 Qf5 39. Bd4 Qf3+ 40. Kh2
Qf7 41. Nd8 Qf3 42. Qe6+ Kh7 43. Qf7+ Qxf7 44. Nxf7 b5 45. cxb5 axb5 46. Kg2
Kg6 47. Nd8 h5 48. Ne3 Be7 49. Nc6 Bf8 50. Na7 b4 51. Nc2 d5 52. Nc6 Kf5 53.
N6xb4 Bh6 54. a4 Ke4 55. a5 Bd2 56. a6 Bxb4 57. Nxb4 Kxd4 58. Nxd5 Kd3 59. a7
Ke2 60. a8=Q Nxf2 61. Qa2+ Kd3 62. Qxf2 Ke4 63. Nf6+ Kd3 64. b4 Kc4 65. Qf4+
Kb5 66. Qb8+ Ka6 67. b5+ Ka5 68. b6 Kb5 69. b7 Kc6 70. Qc8+ Kd6 71. b8=Q+ Ke7
72. Qe5+ Kf7 73. Qg8# 1-0